Bóng ma danh vọng những chiêu trò tinh quái của huyền thoại truyền thông Harry Reichenbach

Spremljeno u:
Bibliografski detalji
Glavni autor: Reichenbach, Harry
Daljnji autori: Freedman, David, Nguyễn, Hạo Nhiên
Format: Knjiga
Jezik:Vietnamese
Izdano: Tp. Hồ Chí Minh Kinh Tế Tp. Hồ Chí Minh 2017
Izdanje:tái bản lần thứ nhất
Teme:
Oznake: Dodaj oznaku
Bez oznaka, Budi prvi tko označuje ovaj zapis!
Thư viện lưu trữ: Trung tâm Học liệu Lê Vũ Hùng, Trường Đại học Đồng Tháp
LEADER 00997pam a22002658a 4500
001 00040477
005 20171204101253.0
008 141029s2013 ||||||viesd
020 # # |a 978 604 922 515 4  |c 120000 
041 0 # |a vie 
082 1 4 |a 813  |b B431M 
100 1 # |a Reichenbach, Harry 
245 1 0 |b những chiêu trò tinh quái của huyền thoại truyền thông Harry Reichenbach  |a Bóng ma danh vọng  |c Harry Reichenbach; David Freedman; Nguyễn Hạo Nhiên 
250 # # |a tái bản lần thứ nhất 
260 # # |a Tp. Hồ Chí Minh  |b Kinh Tế Tp. Hồ Chí Minh  |c 2017 
300 # # |a 256 tr.  |c 21 cm. 
653 # # |a Danh vọng 
653 # # |a Mỹ 
653 # # |a tự truyện 
653 # # |a văn học hiện đại 
700 1 # |a Freedman, David 
700 1 # |a Nguyễn, Hạo Nhiên 
852 # # |j KM.0023818  |j KM.0023819  |j KD.0022583 
910 |d 04/12/2017 
980 # # |a Trung tâm Học liệu Lê Vũ Hùng, Trường Đại học Đồng Tháp